[Event "CFO 2015"]
[Site "Gatineau"]
[Date "2015.08.06"]
[Round "7"]
[White "Danilov, Alex"]
[Black "Scantland, Patrick"]
[Result "0-1"]
[BlackElo "1768"]
[WhiteElo "1801"]

1.d4 Nf6 2.c4 g6 3.Nf3 Bg7 4.g3 d6 5.Bg2 O-O 6.O-O Na6 7.Nc3 c5 8.d5 Nc7
9.Nd2 Rb8 10.Rb1 e5 11.a3 Bd7 12.b4 cxb4 13.axb4 Qc8 14.c5 Bh3 15.Nc4 Bxg2
16.Kxg2 dxc5 17.bxc5 Na6 18.Nxe5 Nxc5 19.Be3 Rd8 20.Qd4 Ncd7 21.f4 Nxe5
22.fxe5 Ng4 23.Bf4 Re8 24.Qb4 Bxe5 25.Ne4 Bxf4 26.Rxf4 Ne3+ 27.Kg1 Nxd5
28.Qd4 Rxe4 29.Rxe4 Nc3 30.Rf1 Nxe4 31.Qxe4 Qc5+ 32.e3 Qc6 33.Qe7 Qe6 34.Qc5
b6 35.Qb4 Re8 0-1

[Event "CFO 2015"]
[Site "Gatineau"]
[Date "2015.08.06"]
[Round "7"]
[White "Libersan, Mattieu"]
[Black "Jobin, Gilles G."]
[Result "0-1"]
[BlackElo "1718"]
[WhiteElo "1800"]

1.e4 d6 2.d4 Nf6 3.Nc3 e5 4.Nf3 Nbd7 5.Bc4 h6 6.O-O Be7 7.Re1 c6 8.a4 Qc7
9.a5 Nf8 10.d5 g5 11.a6 b5 12.Bxb5 cxb5 13.Nxb5 Qb6 14.c4 Bd7 15.Be3 Qb8
16.Ra5 Bd8 17.Ra3 Bb6 18.Rb3 Bxb5 19.Rxb5 N8d7 20.b4 Qc8 21.Nd2 Qxa6 22.Qe2
Ke7 23.c5 Bc7 24.c6 Rhb8 25.Rxb8 Qxe2 26.Rxe2 Rxb8 27.cxd7 Rxb4 28.Bxa7 Ra4
29.Be3 Nxe4 30.g3 Nxd2 31.Rxd2 f5 32.Rb2 f4 33.Bb6 Kxd7 34.Bxc7 Kxc7 35.Rc2+
Kd7 36.Rb2 Rd4 37.Rb5 f3 38.h3 Rd1+ 39.Kh2 Rd2 40.Kg1 Ke7 41.g4 Kf6 42.Kh2
Rxf2+ 43.Kg3 Rf1 44.Rb6 Ke7 45.Rb7+ Kd8 46.Rb8+ Kc7 47.Re8 Kb6 48.Rc8 e4
49.Re8 Rg1+ 50.Kf2 Rg2+ 51.Kf1 Re2 52.Re6 Kc5 53.Rxh6 e3 54.Rf6 Rf2+ 55.Ke1
Kd4 56.Rxd6 Rh2 57.Kd1 Kd3 0-1

[Event "CFO 2015"]
[Site "Gatineau"]
[Date "2015.08.06"]
[Round "7"]
[White "Leon, Carlos A."]
[Black "Desjardins, Michel"]
[Result "1-0"]
[BlackElo "1908"]
[WhiteElo "1736"]

1.c4 b6 2.Nc3 Bb7 3.e4 e6 4.Nge2 Nf6 5.d3 h5 6.g3 h4 7.Bg5 hxg3 8.fxg3 Be7
9.Bg2 Ng4 10.Bd2 Ne5 11.Bf4 Nbc6 12.O-O Ng6 13.Be3 Nce5 14.Nf4 O-O 15.Qe2 c5
16.Rad1 Nxf4 17.Bxf4 Ng6 18.Be3 e5 19.Qh5 d6 20.Bh3 Nh8 21.Rf2 g6 22.Qe2 Bf6
23.Rdf1 Bg7 24.Bg4 Bc8 25.Nd5 Bxg4 26.Qxg4 Re8 27.Bg5 Qb8 28.Nf6+ Bxf6
29.Bxf6 Re6 30.Bxh8 Kxh8 31.Rxf7 1-0

[Event "CFO 2015"]
[Site "Gatineau"]
[Date "2015.08.06"]
[Round "7"]
[White "Rose, Richard"]
[Black "Lavergne, Daniel"]
[Result "1-0"]
[BlackElo "1760"]
[WhiteElo "1934"]

1.e4 e5 2.Nf3 Nc6 3.Bc4 Nf6 4.d3 Be7 5.Nc3 d6 6.h3 O-O 7.g4 Nxg4 8.hxg4 Bxg4
9.Rg1 h5 10.Be3 Na5 11.Bb3 c6 12.Rxg4 hxg4 13.Nh2 Nxb3 14.axb3 g3 15.fxg3 Qd7
16.Qh5 g6 17.Qh6 Bf6 18.O-O-O Bg7 19.Qh4 a5 20.Ng4 f5 21.exf5 gxf5 22.Nh6+
Bxh6 23.Bxh6 Rf7 24.g4 Qd8 25.Qh5 Qe7 26.gxf5 Rh7 27.Qg6+ Rg7 28.Bxg7 Qxg7
29.Qxd6 Rf8 30.Ne4 Rxf5 31.Qe6+ Qf7 32.Rg1+ Kh8 33.Rh1+ Kg8 34.Rg1+ Kh8
35.Qh6+ Qh7 36.Qxh7+ Kxh7 37.Nd6 1-0

[Event "CFO 2015"]
[Site "Gatineau"]
[Date "2015.08.24"]
[Round "6"]
[White "Jobin, Gilles G."]
[Black "Rose, Richard"]
[Result "1/2-1/2"]
[BlackElo "1934"]
[WhiteElo "1718"]

1.e4 c5 2.c3 Nc6 3.Nf3 d6 4.d4 cxd4 5.cxd4 Nf6 6.Nc3 g6 7.d5 Ne5 8.Nxe5 dxe5
9.Bb5+ Bd7 10.Qa4 a6 11.Bxd7+ Qxd7 12.Qxd7+ Nxd7 13.Be3 b5 14.Ke2 Bg7 15.b4
Rc8 16.Rhc1 f5 17.a4 Rc4 18.axb5 axb5 19.Nxb5 Rxe4 $2 20.Ra8+ $2 ( 20.Ra7 $3
f4 ( 20...Rxb4 21.Rc8+ Kf7 22.Nd6+ Kf6 23.Rc6 $1 $18 f4 24.Bd2 ) 21.Rc8+ Kf7
22.Rxh8 Bxh8 23.Rxd7 $18 ) 20...Kf7 21.Rxh8 Bxh8 22.Rc7 Rxb4 23.Nd6+ exd6
24.Rxd7+ Ke8 25.Rxd6 f4 26.Bc5 Rb5 27.Rc6 e4 28.Rc8+ Kd7 29.Rxh8 Rxc5
30.Rxh7+ Kd6 31.Rh6 Rc2+ 32.Ke1 Kxd5 33.Rxg6 Ra2 34.h4 Ra1+ 1/2-1/2

[Event "CFO 2015"]
[Site "Gatineau"]
[Date "2015.08.24"]
[Round "6"]
[White "Lavergne, Daniel"]
[Black "Danilov, Alex"]
[Result "0-1"]
[BlackElo "1801"]
[WhiteElo "1760"]

1.e4 c5 2.Nf3 e6 3.d4 cxd4 4.Nxd4 Nc6 5.Nxc6 bxc6 6.Bd3 Nf6 7.O-O d5 8.Nd2
Be7 9.c4 O-O 10.Qc2 g6 11.b3 d4 12.f4 Ng4 13.Nf3 Ne3 14.Bxe3 dxe3 15.Rae1 Qc7
16.e5 f6 17.Kh1 Bc5 18.g3 Bb7 19.exf6 Rxf6 20.Ng5 Bd4 21.c5 Re8 22.Qc4 Qd8
23.Ne4 Rf5 24.b4 Qd5 25.Qxd5 Rxd5 26.Bc4 Kg7 27.Bxd5 exd5 28.Nd6 Re7 29.Nxb7
Rxb7 30.a3 a5 31.Rd1 e2 0-1

[Event "CFO 2015"]
[Site "Gatineau"]
[Date "2015.08.24"]
[Round "6"]
[White "Desjardins, Michel"]
[Black "Libersan, Mattieu"]
[Result "1-0"]
[BlackElo "1800"]
[WhiteElo "1908"]

1.b3 e5 2.Bb2 Nc6 3.e3 d5 4.Bb5 Bd6 5.f4 Qh4+ 6.g3 Qe7 7.Nf3 Bg4 8.h3 Bxf3
9.Qxf3 Nf6 10.fxe5 Bxe5 11.d4 Bd6 12.c4 Bb4+ 13.Ke2 Rd8 14.c5 O-O 15.Bxc6
bxc6 16.a3 Bxc5 17.dxc5 Qxc5 18.Bxf6 gxf6 19.Nd2 Rfe8 20.Rac1 Qb5+ 21.Kf2 Qd3
22.Qg4+ Kh8 23.Qd4 Qf5+ 24.Qf4 Qd3 25.Qd4 Qf5+ 26.Qf4 Qd3 27.Qxf6+ Kg8 28.Qd4
Qf5+ 29.Qf4 Qd3 30.Qd4 Qf5+ 31.Ke2 Re6 32.Qg4+ Qxg4+ 33.hxg4 Rde8 34.e4 dxe4
35.Ke3 Rg6 36.Rh4 h5 37.Rc5 hxg4 38.Nxe4 Rb8 39.b4 Rb5 40.Rxg4 Rxg4 41.Nf6+
Kf8 42.Nxg4 Ke7 43.Rxb5 cxb5 44.Kd4 Kd6 45.Ne3 a6 46.g4 f6 47.Nd5 c6 48.Nxf6
Ke6 49.g5 Kf5 50.Ne4 1-0

[Event "CFO 2015"]
[Site "Gatineau"]
[Date "2015.08.24"]
[Round "6"]
[White "Scantland, Patrick"]
[Black "Leon, Carlos A."]
[Result "0-1"]
[BlackElo "1736"]
[WhiteElo "1768"]

1.d4 Nf6 2.Nf3 e6 3.c4 b6 4.Nc3 Bb7 5.Bg5 h6 6.Bh4 Bb4 7.Rc1 O-O 8.e3 d5
9.cxd5 exd5 10.Bd3 c5 11.O-O cxd4 12.Nxd4 Na6 13.Re1 Be7 14.Nf5 Nc5 15.Bb1
Nce4 16.Nxe4 dxe4 17.Qe2 Qd7 18.Bxf6 Bxf6 19.Qg4 Kh7 20.Bxe4 Bxe4 21.Qxe4
Rfe8 22.Nd6+ Rxe4 0-1

[Event "CFO 2015"]
[Site "Gatineau"]
[Date "2015.08.20"]
[Round "5"]
[White "Libersan, Mattieu"]
[Black "Scantland, Patrick"]
[Result "1-0"]
[BlackElo "1768"]
[WhiteElo "1800"]

1.e4 c5 2.Nf3 d6 3.d4 cxd4 4.Nxd4 Nf6 5.Nc3 a6 6.Bg5 e6 7.f4 Nbd7 8.Bc4 Be7
9.Bxe6 Nc5 10.Bxc8 Rxc8 11.Qf3 O-O 12.O-O Qc7 13.Rad1 b5 14.Nf5 Rce8 15.Nxe7+
Qxe7 16.Nd5 Qa7 17.Nxf6+ gxf6 18.Bxf6 Nxe4+ 19.Bd4 Qd7 20.Rfe1 f5 21.Qb3+ Qf7
22.Qxf7+ Kxf7 23.Re3 Rc8 24.c3 Rg8 25.Rh3 Kg6 26.Rdd3 Rc6 27.Rh4 b4 28.Rdh3
bxc3 29.Rh6+ Kf7 30.Rxh7+ Ke6 31.Bxc3 Rg6 32.R7h6 Kf7 33.Rxg6 Kxg6 34.Rd3 Rc5
35.h3 Kf7 36.g4 Kg6 37.Kg2 a5 38.Kf3 d5 39.Ke3 a4 40.a3 Rb5 41.Rd4 Rb3
42.Rxa4 Nxc3 43.bxc3 Rxc3+ 44.Kd4 Rxh3 45.Ra6+ Kf7 46.g5 Rh4 47.Ke5 d4 48.Rd6
1-0

[Event "CFO 2015"]
[Site "Gatineau"]
[Date "2015.08.20"]
[Round "5"]
[White "Jobin, Gilles G."]
[Black "Lavergne, Daniel"]
[Result "1-0"]
[BlackElo "1760"]
[WhiteElo "1718"]

1.e4 Nf6 2.Nc3 e5 3.Nf3 Nc6 4.g3 d5 5.exd5 Nxd5 6.Bg2 Bg4 7.Qe2 $2 f5 $2 ( 
7...Ndb4 $1 $17 ) 8.d3 Bb4 9.Bd2 Nf6 10.h3 Bh5 11.Qe3 Qe7 12.O-O Bc5 13.Qe1
O-O-O 14.Be3 Bxf3 15.Bxf3 Nd4 16.Bxd4 Bxd4 17.Nb5 Bb6 18.a4 e4 19.a5 a6 $2 ( 
19...Bc5 $15 ) 20.axb6 axb5 21.dxe4 fxe4 22.bxc7 Qxc7 23.Ra8+ Kd7 24.Rxd8+
Rxd8 25.Bxe4 Nxe4 26.Qxe4 g6 27.Rd1+ Kc8 28.Rxd8+ Kxd8 29.Qd4+ Qd7 30.Qxd7+
Kxd7 31.Kg2 Ke6 32.Kf3 Kf5 33.g4+ Ke5 34.h4 h5 35.gxh5 gxh5 36.Ke3 b4 37.c3
bxc3 38.bxc3 b5 39.f4+ Kd5 40.Kd3 Kc5 41.Ke4 Kc4 42.f5 Kxc3 43.f6 b4 44.f7
1-0

[Event "CFO 2015"]
[Site "Gatineau"]
[Date "2015.08.20"]
[Round "5"]
[White "Rose, Richard"]
[Black "Desjardins, Michel"]
[Result "1/2-1/2"]
[BlackElo "1908"]
[WhiteElo "1934"]

1.e4 d5 2.Nc3 dxe4 3.Nxe4 Qd5 4.d3 g6 5.c3 Bg7 6.Nf3 Nc6 7.Be2 Nf6 8.Nxf6+
Bxf6 9.O-O Bf5 10.d4 O-O-O 11.Qa4 Qa5 12.Qc4 Be6 13.Qd3 Bf5 14.Qc4 Be6 15.Qd3
1/2-1/2

[Event "CFO 2015"]
[Site "Gatineau"]
[Date "2015.08.20"]
[Round "5"]
[White "Leon, Carlos A."]
[Black "Danilov, Alex"]
[Result "0-1"]
[BlackElo "1801"]
[WhiteElo "1736"]

1.c4 Nf6 2.g3 g6 3.Bg2 Bg7 4.Nc3 d6 5.d4 O-O 6.e4 Nc6 7.Nge2 e5 8.d5 Ne7
9.O-O Nd7 10.Be3 f5 11.f3 Nf6 12.Qd2 Bd7 13.Bh6 Qc8 14.Bxg7 Kxg7 15.Nd1 fxe4
16.fxe4 Bh3 17.Ndc3 Bxg2 18.Kxg2 Qg4 19.h3 Qh5 20.Rf3 $4 Nxe4 21.Qe3 Rxf3
22.Qxe4 Raf8 23.Nf4 R8xf4 24.gxf4 Rxf4 0-1

[Event "CFO 2015"]
[Site "Gatineau"]
[Date "2015.08.06"]
[Round "4"]
[White "Desjardins, Michel"]
[Black "Jobin, Gilles G."]
[Result "1/2-1/2"]
[BlackElo "1718"]
[WhiteElo "1908"]

1.e4 d6 2.d4 Nf6 3.Nc3 e5 4.Nf3 Nbd7 5.Bc4 h6 6.O-O Be7 7.Re1 c6 8.a4 Qc7
9.a5 Nf8 10.h3 g5 11.dxe5 dxe5 12.Nh2 Ng6 13.Be3 Bd7 14.Ng4 Nxg4 15.hxg4 Qc8
16.Qf3 Nf4 17.Bxf4 Bxg4 18.Qd3 gxf4 19.f3 Be6 20.Na4 Bb4 21.Nc3 Bc5+ 22.Kf1
Rg8 23.Red1 h5 24.Na4 Be3 25.Qb3 Bxc4+ 26.Qxc4 b5 27.axb6 axb6 28.Qb4 Qa6+
29.c4 1/2-1/2

[Event "CFO 2015"]
[Site "Gatineau"]
[Date "2015.08.06"]
[Round "4"]
[White "Lavergne, Daniel"]
[Black "Leon, Carlos A."]
[Result "0-1"]
[BlackElo "1736"]
[WhiteElo "1760"]

1.e4 e6 2.d4 d5 3.Nc3 Nf6 4.e5 Nfd7 5.f4 c5 6.Nf3 Nc6 7.Be3 cxd4 8.Nxd4 Bc5
9.Ncb5 O-O 10.c3 a6 11.Nxc6 bxc6 12.Bxc5 Nxc5 13.Nd6 f6 14.Qd4 Nd7 15.Nxc8
fxe5 16.fxe5 Qxc8 17.Be2 Rf5 18.O-O-O Rxe5 19.Bg4 Re4 20.Qxe4 dxe4 21.Bxe6+
Kh8 22.Rxd7 Qe8 23.Rhd1 h6 24.Bf7 Qe5 25.h4 Qf4+ 26.Kb1 Qxh4 27.Bg6 e3
28.R7d4 e2 0-1

[Event "CFO 2015"]
[Site "Gatineau"]
[Date "2015.08.06"]
[Round "4"]
[White "Danilov, Alex"]
[Black "Libersan, Mattieu"]
[Result "0-1"]
[BlackElo "1800"]
[WhiteElo "1801"]

1.Nf3 d5 2.d4 Nf6 3.Bf4 e6 4.c3 c5 5.e3 Nc6 6.Nbd2 Bd6 7.dxc5 Bxc5 8.Bd3 O-O
9.O-O Bd6 10.Re1 e5 11.Bg5 e4 12.Bxf6 Qxf6 13.Bxe4 dxe4 14.Nxe4 Qg6 15.Nxd6
Rd8 0-1

[Event "CFO 2015"]
[Site "Gatineau"]
[Date "2015.08.06"]
[Round "4"]
[White "Scantland, Patrick"]
[Black "Rose, Richard"]
[Result "1-0"]
[BlackElo "1934"]
[WhiteElo "1768"]

1.d4 Nf6 2.c4 e6 3.Nf3 d5 4.Nc3 Bb4 5.Qc2 Nc6 6.cxd5 exd5 7.Bg5 Qd6 8.e3 Ne4
9.Bf4 Qe7 10.Bd3 Bg4 11.Ne5 Nxe5 12.Bxe5 f6 13.Bf4 g5 14.Bg3 h5 15.Bxe4 dxe4
16.h3 Bf5 17.O-O c6 18.Ne2 h4 19.Bh2 g4 20.d5 cxd5 21.Nf4 Bd6 22.Nxd5 Bxh2+
23.Kxh2 Qe5+ 24.Nf4 gxh3 25.g3 hxg3+ 26.fxg3 Rc8 27.Qb3 Kf8 28.Rad1 Kg7
29.Rd5 Be6 30.Qxb7+ Kh6 31.Rxe5 Rc2+ 32.Kh1 Bg4 33.Qxe4 1-0

[Event "CFO 2015"]
[Site "Gatineau"]
[Date "2015.08.06"]
[Round "3"]
[White "Jobin, Gilles G."]
[Black "Scantland, Patrick"]
[Result "1/2-1/2"]
[BlackElo "1768"]
[WhiteElo "1718"]

{ Var. par Stockfish 4 à 75 sec/coup. } 1.e4 c5 2.c3 d5 3.exd5 Qxd5 4.d4 Nf6
5.Nf3 Nc6 6.dxc5 ( 6.Be2
{ aurait été bien meilleur. Mais je voulais jouer une partie «sans Dames». }
) 6...Qxd1+ 7.Kxd1 Bg4 8.Bb5 O-O-O+ 9.Ke2 e5 10.h3 Bxf3+ 11.gxf3 Bxc5 12.Be3
Bxe3 13.fxe3 $10 { Aucun succès pour les Blancs dans cette ouverture. }
13...Kc7 14.Rg1 g6 15.Na3 e4 16.Bxc6 Kxc6 17.Nc4 exf3+ 18.Kxf3 Rhe8 19.Rad1
Rd5 20.Rxd5 Nxd5 21.e4 Nb6 22.Nxb6 Kxb6 23.Rd1 Kc6 24.Kf4 f6 25.Rd2 Re5
26.Rd4 b5 27.a4 a6 28.a5 h5 29.Rd8 g5+ 30.Ke3 Re6 $6 { 0.00/28 } ( 30...f5
{ -0.31/25 } 31.Rd4 Kc5 32.b3 Kc6 33.Kf3 fxe4+ 34.Rxe4 Kd5 35.Rd4+ Ke6 36.Rd8
Rc5 37.Ke4 Rxc3 38.Ra8 Rxh3 39.Rxa6+ Ke7 40.Rh6 Rxb3 41.Rxh5 ) 31.Rh8 h4
32.Rc8+ Kd7 33.Rc5 Rd6 34.Ke2 Ke6 35.b3 Kf7 36.c4 bxc4 37.bxc4 Kg6 $2
{ +0.12/31 } ( 37...Rd4 { -0.92/25 } 38.Ke3 Rd1 39.Rf5 Ke6 40.Rf3 Ra1 41.Kd4
Rxa5 ) 38.Rd5 Rc6 39.c5 Re6 $6 { +0.65/28 } ( 39...Kf7 { +0.13/30 } 40.Kd3
Ke7 41.Kc4 Ke6 42.Kd4 Ke7 43.Rf5 Ke6 44.Rf1 Rc8 45.Rb1 Rd8+ 46.Ke3 Rh8 47.Rb2
Ke5 ) 40.Kf3 Kf7 41.Rd7+ Ke8 42.Rd4 Rc6 43.Rd5 Ke7 44.Kg4 Ke6 45.Kf3 Kf7
46.Kg4 Ke6 1/2-1/2

[Event "CFO 2015"]
[Site "Gatineau"]
[Date "2015.08.06"]
[Round "3"]
[White "Libersan, Mattieu"]
[Black "Leon, Carlos A."]
[Result "1-0"]
[BlackElo "1736"]
[WhiteElo "1800"]

1.e4 e6 2.d4 d5 3.Nc3 Nf6 4.Bg5 Be7 5.e5 Nfd7 6.h4 h6 7.Bxe7 Qxe7 8.Qg4 O-O
9.f4 c5 10.Nf3 Nc6 11.O-O-O a6 12.dxc5 Nxc5 13.Bd3 b5 14.Rh3 Nxd3+ 15.Rxd3 f6
16.Rg3 fxe5 17.Nxe5 Nxe5 18.fxe5 Rf1+ 19.Rd1 Rxd1+ 20.Kxd1 Bd7 21.Ne2 Rf8
22.Nf4 Qf7 23.Rf3 Qf5 24.Qxf5 Rxf5 25.Nd3 Kf7 26.Kd2 Rxf3 27.gxf3 Kg6 28.Ke3
Kh5 29.f4 g6 30.Kd4 Kxh4 31.Kc5 Kg4 32.Kd6 Bc8 33.Kc7 Kf5 $2 ( 33...h5 $1
34.Kxc8 h4 35.Kd7 ( 35.Nf2+ Kxf4 $19 ) 35...Kg3 $10 36.Kxe6 h3 37.Kf7 h2
38.e6 h1=Q 39.e7 Qh7+ 40.Kf8 ) 34.Kxc8 h5 35.Kd7 h4 36.Nf2 d4 37.b4 g5
38.fxg5 Kxe5 39.Ke7 Kf5 40.Nh3 e5 41.Kf7 e4 42.g6 e3 43.g7 e2 44.g8=Q e1=Q
45.Qg5+ 1-0

[Event "CFO 2015"]
[Site "Gatineau"]
[Date "2015.08.06"]
[Round "3"]
[White "Desjardins, Michel"]
[Black "Lavergne, Daniel"]
[Result "1-0"]
[BlackElo "1760"]
[WhiteElo "1908"]

1.e4 e5 2.Nc3 Nf6 3.Bc4 Nxe4 4.Qh5 Nd6 5.Bb3 c6 6.Ne4 Qa5 7.Nxd6+ Bxd6
8.Qxf7+ Kd8 9.Qxg7 Rf8 10.Nf3 Na6 11.Ng5 Kc7 12.Ne6+ 1-0

[Event "CFO 2015"]
[Site "Gatineau"]
[Date "2015.08.06"]
[Round "3"]
[White "Rose, Richard"]
[Black "Danilov, Alex"]
[Result "1-0"]
[BlackElo "1801"]
[WhiteElo "1934"]

1.e4 c5 2.Nf3 e6 3.d4 cxd4 4.Nxd4 Nc6 5.c3 Nf6 6.Bd3 Qc7 7.O-O Be7 8.Be3 O-O
9.f4 d6 10.Nd2 e5 11.Nxc6 bxc6 12.f5 d5 13.Qf3 Rd8 14.Rae1 d4 $2 15.cxd4 exd4
16.Bf4 Qb7 17.e5 Ne8 18.f6 Bb4 19.Qg3 ( 19.fxg7 $1 Nxg7 20.Qg3 $18 ) 19...g6
20.Qg5 Be6 21.b3 a5 22.h4 h5 23.Bxg6 fxg6 24.Qxg6+ Kh8 25.Ne4 Bxe1 26.Ng5 Rd7
27.Nxe6 Rh7 28.Ng5 Rc8 29.f7 1-0

[Event "CFO 2015"]
[Site "Gatineau"]
[Date "2015.08.06"]
[Round "2"]
[White "Scantland, Patrick"]
[Black "Desjardins, Michel"]
[Result "0-1"]
[BlackElo "1908"]
[WhiteElo "1768"]

1.Nf3 d5 2.d4 Bf5 3.c4 e6 4.Nc3 Nc6 5.a3 a6 6.cxd5 exd5 7.Qb3 Nf6 8.Qxb7 Na5
9.Qxa8 Qxa8 10.Bf4 Nc4 11.e3 Nxb2 12.Ne5 Bd6 13.Be2 O-O 14.O-O Rb8 15.g4 Bxe5
16.Bxe5 Bxg4 17.Bxf6 Bxe2 18.Nxe2 gxf6 19.Kh1 Kh8 20.Nf4 Nc4 21.Nh5 Qc6
22.Rac1 Qe6 23.Rc3 Nd2 24.Nf4 Qe4+ 25.f3 Nxf3 26.Ng2 Nh4 27.Rg1 Nxg2 0-1

[Event "CFO 2015"]
[Site "Gatineau"]
[Date "2015.08.06"]
[Round "2"]
[White "Danilov, Alex"]
[Black "Jobin, Gilles G."]
[Result "1-0"]
[BlackElo "1718"]
[WhiteElo "1801"]

1.d4 d6 2.Nc3 Nf6 3.e4 e5 4.Nf3 Nbd7 5.h3 Be7 6.Be3 c6 7.Be2 O-O 8.Qd2 b5
9.a3 a6 10.b4 Bb7 11.dxe5 dxe5 12.O-O Qc7 13.Ne1 c5 14.bxc5 Bxc5 15.Bxc5 Nxc5
16.f3 Rfd8 17.Qe3 Ne6 18.Na2 Nh5 19.Bd3 Nef4 20.Rc1 Qd6 21.Nb4 Ng3 22.Rf2 Qg6
23.Kh2 Ngh5 24.g4 Nf6 25.Ng2 Nxg2 26.Rxg2 Ne8 27.c4 bxc4 28.Rxc4 Nd6 29.Rc7
a5 30.Nd5 Bxd5 31.exd5 e4 $2 32.fxe4 Nxe4 33.Bxe4 Qd6+ 34.Qg3 g6 35.Qxd6 Rxd6
36.Rf2 f6 37.Rc6 Rad8 38.Rxf6 Rxc6 39.Rxc6 1-0

[Event "CFO 2015"]
[Site "Gatineau"]
[Date "2015.08.06"]
[Round "2"]
[White "Lavergne, Daniel"]
[Black "Libersan, Mattieu"]
[Result "0-1"]
[BlackElo "1800"]
[WhiteElo "1760"]

1.e4 c5 2.Nf3 e6 3.d4 cxd4 4.Nxd4 Nc6 5.Nxc6 bxc6 6.Bd3 d5 7.O-O Nf6 8.exd5
cxd5 9.c4 Be7 10.Nc3 O-O 11.Bf4 dxc4 12.Bxc4 Bb7 13.Qb3 Qb6 14.Qxb6 axb6
15.Rfd1 Rac8 16.Bb5 Nd5 17.Be5 Bf6 18.Nxd5 Bxd5 19.Bxf6 gxf6 20.Bd3 Rfd8
21.f3 f5 22.Kf2 Kg7 23.Ke3 h5 24.a3 Bb3 25.Rdc1 f4+ 26.Ke2 f5 27.Ba6 Ra8
28.Rc7+ Kf6 29.Bd3 Rd4 30.Rac1 Rad8 31.R1c3 Ba4 32.R7c4 h4 33.Rxd4 Rxd4 34.b3
Bd7 35.Rc7 e5 36.Rb7 e4 37.Rxb6+ Ke5 38.fxe4 $2 fxe4 39.Bc4 Bg4+ 40.Ke1 Rd1+
41.Kf2 e3# 0-1

[Event "CFO 2015"]
[Site "Gatineau"]
[Date "2015.08.06"]
[Round "1"]
[White "Jobin, Gilles G."]
[Black "Leon, Carlos A."]
[Result "1-0"]
[BlackElo "1736"]
[WhiteElo "1718"]

1.e4 e6 2.d3 d5 3.Nd2 Nf6 4.g3 dxe4 5.dxe4 e5 6.Ngf3 Nc6 7.Bb5 Bd7 8.O-O $6
( { J'ai longtemps considéré } 8.Bxc6 $5 { mais après } 8...Bxc6 9.Nxe5 Bxe4
{ je n'avais pas vu } 10.O-O { et si } 10...Bd6 $2 11.Nxf7 $1 Kxf7 12.Nxe4
Nxe4 13.Qd5+ $18 Kf8 14.Qxe4 ) 8...Bd6 9.Re1 ( { J'ai considéré } 9.Nc4
{ mais sur } 9...Nxe4 10.Re1 { je craignais } 10...f5
{ Cependant, Stockfish suggère la suite suivante avec avantage aux Blancs : }
11.Bxc6 Bxc6 12.Nfxe5 Bxe5 13.Nxe5 ) 9...O-O 10.Nc4 Bc5
{ Un coup actif qui lorgne ma case f2. } 11.Bg5 Qe7 { perd un pion. } 12.Bxc6
Bxc6 13.Ncxe5 Be8 $2 ( { Sur } 13...Rad8 14.Nxc6 bxc6 15.Qe2 $16 ) ( 
{ La position des Noirs est déjà difficile, mais il valait sans doute mieux essayer }
13...Qe6 ) 14.Ng4 ( 14.Nd3 { est aussi très fort. } ) 14...Rd8 15.Qe2 Bd7
16.Nxf6+ gxf6 17.Bh6 Rfe8 18.Nh4 Kh8 19.Qc4 $2
{ Un coup relativement ridicule. Mais je jouais déjà sous la barre des 5 minutes. }
19...Be6 20.Qe2 Rg8 21.Be3
{ Le plus sûr. J'avais de la difficulté à juger mentalement la position après : }
( 21.Nf5 Bxf5 22.exf5 Qxe2 23.Rxe2
{ car je n'arrivais pas à déterminer s'il serait simple ou non de convertir ce pion supplémentaire en gain. }
) 21...Bg4 22.Qc4 Bxe3 23.Rxe3 Be6 24.Qc3 Bg4 25.Nf5
{ La position est sans doute gagnante pour les Blancs. } 25...Qe6 26.Nh6 Rg6
27.Nxg4 Qxg4 28.Qxc7 Rd7 29.Qc8+ Rg8 30.Qc3
{ Le premier contrôle de temps était passé ; 30 minutes s'ajoutèrent au cadran. }
30...Rg6 31.Rf3 Kg7 ( 31...Qxe4 32.Rxf6 Rxf6 33.Qxf6+ Kg8 34.Qc3 ) 32.e5 fxe5
33.Qxe5+ f6 34.Qf5 Rd2 35.Qxg4 Rxg4 36.Rd3 $6
{ Pas facile de jouer les finales de Tours. Mais } ( 36.Re1
{ que j'ai pourtant longtemps envisagé est certainement meilleur. Par exemple : }
36...Kf7 37.Rc3 Rgd4 38.Rc7+ Kg6 39.Ree7 ) 36...Rxc2 37.Rd7+ Kg6 38.Rxb7 Rd4
39.a4 Rdd2 40.Rf1 a5 41.Rb5 h6 $2 42.h4 ( 42.b3 { est meilleur. } ) 42...Re2
$2 ( 42...h5 { était nécessaire. } ) 43.Kg2 $6
{ Sans doute pas une erreur catastrophique. Mais il valait mieux jouer } ( 
43.b3 { ou } ) ( 43.h5+ ) 43...Rxb2 44.Rxa5 $2 ( 
{ Il fallait d'abord jouer } 44.h5+ ) 44...Ra2 $2 ( 44...h5
{ et tout devient beaucoup plus difficile pour les Blancs. } ) 45.Kf3 $2 ( 
45.h5+ $1 $18 ) 45...Rec2 $2 ( 45...h5 $1 ) 46.h5+ { Enfin ! } 46...Kf7
47.Ra7+ { À moins d'une erreur grossière, le gain est maintenant assuré. }
47...Kf8 48.Kg4 Rc4+ 49.Kf5 Raxa4 50.Rxa4 Rxa4 51.Kxf6 Ra6+ 52.Kf5 Kf7 53.Kg4
Kf6 54.f4 Ra7 55.Rb1 Rg7+ 56.Kf3 Ra7 57.Rb6+ Kg7 58.Kg4 Ra4 59.Rb7+ Kg8
60.Re7 Kf8 61.Re5 Ra6 62.Kf5 Kf7 63.g4 Rf6+ 64.Ke4 Ra6 65.g5 hxg5 66.fxg5
Ra4+ 67.Kf5 Rh4 68.g6+ Kf8 69.Kg5 Rh1 70.Kh6 Rg1 71.Rb5 1-0

[Event "CFO 2015"]
[Site "Gatineau"]
[Date "2015.08.06"]
[Round "1"]
[White "Desjardins, Michel"]
[Black "Danilov, Alex"]
[Result "1-0"]
[BlackElo "1801"]
[WhiteElo "1908"]

1.e4 e5 2.Nc3 Nf6 3.Bc4 Bb4 4.Nge2 O-O 5.O-O Nxe4 6.Nxe4 d5 7.c3 Be7 8.Bd3
dxe4 9.Bxe4 Nd7 10.d4 Nf6 11.Bc2 exd4 12.Qxd4 Bg4 13.f3 Qxd4+ 14.Nxd4 Bd7
15.Be3 Nd5 16.Bf2 g6 17.Rad1 Rad8 18.Nb3 Ba4 19.Be4 c6 20.Bxa7 Ra8 21.Bf2 Bb5
22.Rfe1 Bf6 23.Bxd5 cxd5 24.Rxd5 Bc4 25.Rd6 Be6 26.Nc1 Bg5 27.a3 Rad8 28.Rxd8
Rxd8 29.Bd4 Bd2 30.Rd1 Be3+ 31.Kf1 Bc4+ 32.Ne2 f5 33.Ke1 Bb3 34.Ra1 f4
35.Bxe3 fxe3 36.Nd4 Bc4 37.Rd1 Kf7 38.b3 e2 39.Rd2 Ba6 40.c4 1-0

[Event "CFO 2015"]
[Site "Gatineau"]
[Date "2015.08.06"]
[Round "1"]
[White "Rose, Richard"]
[Black "Libersan, Mattieu"]
[Result "0-1"]
[BlackElo "1800"]
[WhiteElo "1934"]

1.e4 c6 2.Nf3 d5 3.exd5 cxd5 4.d4 Nf6 5.Bd3 g6 6.O-O Bg7 7.Re1 O-O 8.Bg5 Nc6
9.c3 Bf5 10.Bxf6 Bxf6 11.Bxf5 gxf5 12.Qd3 e6 13.Nbd2 Qc7 14.Qe2 Rac8 15.Ne5
Nxe5 16.dxe5 Bg7 17.f4 Qb6+ 18.Kh1 Qxb2 19.Reb1 Qxc3 20.Rc1 Qxc1+ 21.Rxc1
Rxc1+ 22.Nf1 Rfc8 23.h3 R8c2 24.Qf3 Rxa2 25.Kh2 Rcc2 26.Ne3 Rf2 27.Qd1 Bh6
28.Qc1 Bxf4+ 29.Kg1 Rxg2+ 0-1

[Event "CFO 2015"]
[Site "Gatineau"]
[Date "2015.08.06"]
[Round "1"]
[White "Scantland, Patrick"]
[Black "Lavergne, Daniel"]
[Result "1-0"]
[BlackElo "1760"]
[WhiteElo "1768"]

1.d4 Nf6 2.Nf3 g6 3.c4 c5 4.Nc3 cxd4 5.Nxd4 Bg7 6.e4 d6 7.Be2 O-O 8.Be3 Nc6
9.O-O Bd7 10.Qd2 a6 11.Rad1 Rc8 12.b3 Nxd4 13.Bxd4 Bc6 14.Bf3 Nd7 15.Bxg7
Kxg7 16.Bg4 Rc7 17.f4 Nf6 18.Qe2 Nxg4 19.Qxg4 f5 20.exf5 Rxf5 21.Ne2 Bd7
22.Qg3 Qf8 23.Qe3 Qf6 24.g4 Ra5 25.g5 Qb2 26.Rd2 Qa3 27.Qxe7+ Kg8 28.Qd8+
1-0